[Event "PARDUBICE OPEN  2007 "]
[Site "CEZ arena,  Pardubice  (CZE)"]
[Date "2007.07.22"]
[Round "3"]
[White "Cvek, Robert"]
[Black "Biriukov, Oleg"]
[Result "1-0"]
[WhiteElo "2548"]
[BlackElo "2382"]
[PlyCount "97"]
[EventDate "2007.07.20"]

1. d4 Nf6 2. c4 e6 3. Nf3 b6 4. g3 Ba6 5. Nbd2 Bb7 6. Bg2 Be7 7. O-O O-O 8. Qc2
d5 9. cxd5 exd5 10. b3 c5 11. Bb2 Na6 12. Rac1 Qd7 13. Qb1 Rfe8 14. Rfd1 Rad8
15. e3 h6 16. Nh4 Qe6 17. Nf5 Bf8 18. Bh3 Qc6 19. Nh4 Bc8 20. Bg2 Qe6 21. Nhf3
Bb7 22. Ne5 Bd6 23. Nd3 Ne4 24. Qa1 Qg6 25. Nf3 Bf8 26. Nf4 Qh7 27. dxc5 bxc5
28. Nd2 Ng5 29. Nb1 Ne4 30. Nc3 Qf5 31. Nxe4 dxe4 32. a3 Nc7 33. b4 Na6 34. b5
Nc7 35. a4 Nd5 36. Nxd5 Rxd5 37. Rxd5 Qxd5 38. Bf1 Qe6 39. Ba3 Rc8 40. Qc3 a6
41. Bc4 Qg6 42. Rd1 axb5 43. axb5 Qf5 44. Bb2 Rb8 45. Qa5 Qc8 46. Be5 Ra8 47.
Qb6 Be7 48. Qg6 Qf8 49. Rd7 1-0

[Event "PARDUBICE OPEN  2007 "]
[Site "CEZ arena,  Pardubice  (CZE)"]
[Date "2007.07.22"]
[Round "3"]
[White "Votava, Jan"]
[Black "Kireev, Alexey"]
[Result "1/2-1/2"]
[WhiteElo "2547"]
[BlackElo "2380"]
[PlyCount "63"]
[EventDate "2007.07.20"]

1. e4 d6 2. d4 e5 3. dxe5 dxe5 4. Qxd8+ Kxd8 5. Bc4 f6 6. h4 h5 7. Ne2 Ke8 8.
a4 a5 9. Na3 Nh6 10. f3 Bc5 11. Bd2 Ke7 12. Nc1 Bd7 13. Nd3 Bb6 14. Bb3 c6 15.
Nc4 Bc7 16. Be3 Nf7 17. Nb6 Ra6 18. Nxd7 Nxd7 19. O-O-O Bb6 20. Bxb6 Rxb6 21.
Bxf7 Kxf7 22. b3 Ke7 23. Nb2 Nc5 24. Nc4 Ra6 25. Kb2 g6 26. Rhg1 Raa8 27. g4
hxg4 28. Rxg4 Rh6 29. Rdg1 Kf7 30. Nd6+ Ke7 31. Nc4 Kf7 32. Nd6+ 1/2-1/2

[Event "PARDUBICE OPEN  2007 "]
[Site "CEZ arena,  Pardubice  (CZE)"]
[Date "2007.07.22"]
[Round "3"]
[White "Netzer, Jean"]
[Black "Jakubiec, Artur"]
[Result "1-0"]
[WhiteElo "2383"]
[BlackElo "2541"]
[PlyCount "65"]
[EventDate "2007.07.20"]

1. c4 Nf6 2. Nc3 g6 3. e4 d6 4. g3 Bg7 5. Bg2 O-O 6. Nge2 c5 7. O-O Nc6 8. d3
a6 9. h3 Rb8 10. a4 Ne8 11. Kh2 Nc7 12. a5 Ne6 13. Nd5 Ned4 14. Nxd4 Bxd4 15.
Bh6 Bg7 16. Bxg7 Kxg7 17. Qd2 e6 18. Qc3+ f6 19. Nb6 e5 20. f4 Nd4 21. Rae1 Be6
22. Rf2 Nc6 23. f5 Bg8 24. h4 g5 25. hxg5 fxg5 26. Rh1 Qe8 27. Bf3 Nd4 28. Bd1
Qe7 29. Kg1 Rf6 30. Qd2 h6 31. Rfh2 Rbf8 32. g4 Qd8 33. Rh3 1-0

[Event "PARDUBICE OPEN  2007 "]
[Site "CEZ arena,  Pardubice  (CZE)"]
[Date "2007.07.22"]
[Round "3"]
[White "Jovanovic, Zoran"]
[Black "Okara, Andrei"]
[Result "1-0"]
[WhiteElo "2537"]
[BlackElo "2382"]
[PlyCount "105"]
[EventDate "2007.07.20"]

1. e4 e5 2. Nf3 Nc6 3. Be2 Nf6 4. d3 d5 5. Nbd2 Bc5 6. O-O O-O 7. c3 a5 8. h3
Re8 9. Re1 h6 10. Qc2 Be6 11. Nf1 dxe4 12. dxe4 Nh5 13. Be3 Bxe3 14. Nxe3 Nf4
15. Kh2 Qf6 16. Ng1 Nb8 17. Bf1 Nd7 18. g3 Ng6 19. Rad1 Red8 20. Nd5 Bxd5 21.
exd5 Ne7 22. Bg2 Nf5 23. Nf3 Nd6 24. Re2 Re8 25. Rde1 Re7 26. Nd2 Rae8 27. Ne4
Nxe4 28. Qxe4 Qd6 29. Qc4 f5 30. Qb5 b6 31. b4 axb4 32. cxb4 e4 33. Rd1 f4 34.
gxf4 Nf8 35. Qc6 Qxf4+ 36. Kg1 Qf5 37. d6 cxd6 38. Qd5+ Qxd5 39. Rxd5 Ng6 40.
Rxd6 Nf4 41. Re3 Re5 42. Kh2 Nd3 43. Rxb6 Nxf2 44. Rd6 Nd3 45. Rd4 Kf8 46.
Rexe4 Rxe4 47. Bxe4 Nc1 48. a4 Nb3 49. Rd3 Rxe4 50. Rxb3 Re2+ 51. Kg3 Ra2 52.
a5 Ke7 53. Kf4 1-0

[Event "PARDUBICE OPEN  2007 "]
[Site "CEZ arena,  Pardubice  (CZE)"]
[Date "2007.07.22"]
[Round "3"]
[White "Dziuba, Marcin"]
[Black "Skomorokhin, Roman"]
[Result "1-0"]
[WhiteElo "2536"]
[BlackElo "2378"]
[PlyCount "73"]
[EventDate "2007.07.20"]

1. d4 d5 2. c4 e6 3. Nc3 Nf6 4. cxd5 exd5 5. Bg5 Be7 6. e3 O-O 7. Bd3 Nbd7 8.
Nf3 Re8 9. O-O Nf8 10. Qc2 c6 11. h3 Nh5 12. Bxe7 Qxe7 13. Rab1 Ng6 14. b4 Kh8
15. b5 Nh4 16. Nxh4 Qxh4 17. bxc6 bxc6 18. Bf5 Be6 19. Rb7 Qf6 20. Bxe6 Rxe6
21. Rfb1 g5 22. Na4 Rg8 23. Nc5 g4 24. Nxe6 Qxe6 25. h4 g3 26. Rb8 Qg4 27.
Rxg8+ Kxg8 28. Rb7 Kg7 29. fxg3 Nf6 30. Qf2 h5 31. Qf3 Qc8 32. Rb1 Ng4 33. Qf4
f6 34. e4 dxe4 35. Qxe4 Qc7 36. a4 a5 37. Rb3 1-0

[Event "PARDUBICE OPEN  2007 "]
[Site "CEZ arena,  Pardubice  (CZE)"]
[Date "2007.07.22"]
[Round "3"]
[White "Gavrilov, Alexei"]
[Black "Grekh, Andrij"]
[Result "1-0"]
[WhiteElo "2512"]
[BlackElo "2355"]
[PlyCount "67"]
[EventDate "2007.07.20"]

1. d4 Nf6 2. c4 e6 3. Nf3 b6 4. g3 Ba6 5. Qa4 c6 6. Nc3 d5 7. cxd5 exd5 8. Bg5
Be7 9. Bg2 O-O 10. O-O Ne4 11. Bxe7 Qxe7 12. Rfe1 f5 13. Ne5 Bb7 14. Rac1 Rf6
15. e3 b5 16. Qa5 Qd6 17. a4 bxa4 18. Nxa4 Nd7 19. f3 Ng5 20. f4 Ne4 21. Re2
Rh6 22. Bxe4 fxe4 23. Nc5 Nxe5 24. dxe5 Qe7 25. Nb3 Rg6 26. Nd4 h5 27. Qc5 Qd7
28. f5 Rg5 29. Rf2 h4 30. Kg2 Rf8 31. Rf4 h3+ 32. Kg1 Re8 33. Nxc6 Bc8 34. e6
1-0

[Event "PARDUBICE OPEN  2007 "]
[Site "CEZ arena,  Pardubice  (CZE)"]
[Date "2007.07.22"]
[Round "3"]
[White "Schlecht, Daniel"]
[Black "Warakomski, Tomasz"]
[Result "1/2-1/2"]
[WhiteElo "2380"]
[BlackElo "2506"]
[PlyCount "47"]
[EventDate "2007.07.20"]

1. d4 Nf6 2. c4 e6 3. Nc3 Bb4 4. Qc2 O-O 5. a3 Bxc3+ 6. Qxc3 b6 7. Nf3 Bb7 8.
e3 d6 9. Be2 Nbd7 10. O-O Ne4 11. Qc2 f5 12. b4 Rf6 13. d5 exd5 14. cxd5 Bxd5
15. Bc4 Bxc4 16. Qxc4+ Rf7 17. Bb2 c5 18. Rfd1 Qe7 19. Qd5 Rd8 20. Rac1 Ndf6
21. Qxf5 Nxf2 22. Bxf6 Qxe3 23. Bxd8 Nh3+ 24. Kh1 1/2-1/2

[Event "PARDUBICE OPEN  2007 "]
[Site "CEZ arena,  Pardubice  (CZE)"]
[Date "2007.07.22"]
[Round "3"]
[White "Henrichs, Thomas"]
[Black "Jurek, Josef"]
[Result "1/2-1/2"]
[WhiteElo "2496"]
[BlackElo "2350"]
[PlyCount "48"]
[EventDate "2007.07.20"]

1. e4 e6 2. d4 d5 3. Nc3 Bb4 4. e5 c5 5. a3 Bxc3+ 6. bxc3 Ne7 7. Qg4 O-O 8. Bd3
f5 9. exf6 Rxf6 10. Bg5 Rf7 11. Qh5 g6 12. Qd1 Qa5 13. Bd2 Nbc6 14. Nf3 Qc7 15.
dxc5 e5 16. Ng5 Rf8 17. c4 e4 18. cxd5 exd3 19. d6 Qd8 20. dxe7 Qxe7+ 21. Be3
Rf5 22. Nf3 dxc2 23. Qxc2 Be6 24. Nd2 Ne5 1/2-1/2

[Event "PARDUBICE OPEN  2007 "]
[Site "CEZ arena,  Pardubice  (CZE)"]
[Date "2007.07.22"]
[Round "3"]
[White "Stupak, Kirill"]
[Black "Jaracz, Pawel"]
[Result "0-1"]
[WhiteElo "2377"]
[BlackElo "2495"]
[PlyCount "40"]
[EventDate "2007.07.20"]

1. d4 Nf6 2. g3 c5 3. dxc5 Qa5+ 4. Nc3 Qxc5 5. e4 e6 6. Bg2 Nc6 7. Nge2 Be7 8.
O-O O-O 9. Be3 Qa5 10. Nd4 d6 11. Nxc6 bxc6 12. e5 dxe5 13. Bxc6 Rb8 14. Bd2
Qc7 15. Bb5 a6 16. Bd3 Rxb2 17. Re1 Bb7 18. f3 Qc6 19. Kg2 Rd8 20. Bc1 Rxc2+
0-1

[Event "PARDUBICE OPEN  2007 "]
[Site "CEZ arena,  Pardubice  (CZE)"]
[Date "2007.07.22"]
[Round "3"]
[White "Thiede, Lars"]
[Black "Korotkevych, Stanislav"]
[Result "1-0"]
[WhiteElo "2489"]
[BlackElo "2349"]
[PlyCount "73"]
[EventDate "2007.07.20"]

1. g3 d5 2. Bg2 c6 3. Nf3 Nf6 4. b3 Bg4 5. Bb2 Nbd7 6. O-O Bxf3 7. Bxf3 e6 8.
d3 Bc5 9. e4 dxe4 10. dxe4 e5 11. a4 Qe7 12. Na3 O-O 13. Qe2 Ne8 14. Rfd1 Nc7
15. Nc4 f5 16. Rxd7 Qxd7 17. Nxe5 Qe7 18. Qc4+ Kh8 19. Re1 f4 20. Kg2 Bd6 21.
Nd3 fxg3 22. hxg3 Qf7 23. Qxf7 Rxf7 24. e5 Be7 25. Bg4 Kg8 26. f4 g6 27. Nf2 h5
28. Bh3 g5 29. fxg5 Bxg5 30. Ne4 Be7 31. Nd6 Rff8 32. Nxb7 h4 33. Nd6 Rad8 34.
Re4 Bxd6 35. Rg4+ Kf7 36. exd6 Rxd6 37. Rf4+ 1-0

[Event "PARDUBICE OPEN  2007 "]
[Site "CEZ arena,  Pardubice  (CZE)"]
[Date "2007.07.22"]
[Round "3"]
[White "Schneider, Dmitry"]
[Black "Jasny, Stanislav"]
[Result "1-0"]
[WhiteElo "2488"]
[BlackElo "2342"]
[PlyCount "93"]
[EventDate "2007.07.20"]

1. e4 e6 2. d3 d5 3. Nd2 c5 4. Ngf3 Nc6 5. g3 g6 6. Bg2 Bg7 7. O-O Nge7 8. Re1
b6 9. a3 a5 10. a4 Ra7 11. c3 h6 12. exd5 exd5 13. Nb3 O-O 14. d4 c4 15. Nbd2
Bf5 16. Nf1 Bd3 17. h4 Nf5 18. Bf4 Re8 19. Rxe8+ Qxe8 20. Ne1 Be4 21. f3 Bd3
22. Nxd3 cxd3 23. Qxd3 Re7 24. Bh3 Nfxd4 25. cxd4 Nxd4 26. Bd6 Re2 27. Rc1 Qxa4
28. Rc8+ Kh7 29. h5 Qb5 30. hxg6+ fxg6 31. Qxb5 Nxb5 32. Ba3 Bd4+ 33. Kh1 Bxb2
34. Bxb2 Rxb2 35. Rb8 Nc3 36. Rb7+ Kg8 37. Be6+ Kf8 38. Ne3 a4 39. Ng4 Re2 40.
Rf7+ Ke8 41. Nf6+ Kd8 42. Bh3 b5 43. Rd7+ Kc8 44. Nxd5 Nxd5 45. Re7+ Kb8 46.
Rxe2 Kc7 47. Be6 1-0

[Event "PARDUBICE OPEN  2007 "]
[Site "CEZ arena,  Pardubice  (CZE)"]
[Date "2007.07.22"]
[Round "3"]
[White "Spirin, Oleg"]
[Black "Maiorov, Nikita"]
[Result "1/2-1/2"]
[WhiteElo "2356"]
[BlackElo "2487"]
[PlyCount "102"]
[EventDate "2007.07.20"]

1. d4 Nf6 2. c4 e6 3. Nc3 Bb4 4. e3 O-O 5. Bd3 d5 6. cxd5 exd5 7. Nge2 Re8 8.
O-O Bd6 9. f3 c5 10. Qe1 Nc6 11. Qh4 Be7 12. Qf2 a6 13. g4 b5 14. Ng3 b4 15.
Nce2 a5 16. Bd2 Ba6 17. Bxa6 Rxa6 18. Rad1 Nd7 19. Bc1 Nb6 20. Kh1 cxd4 21.
exd4 Nc4 22. f4 a4 23. Rd3 Ra7 24. g5 Nd6 25. Qg2 Bf8 26. f5 Ne4 27. Nh5 g6 28.
Nf6+ Nxf6 29. gxf6 Re4 30. Nf4 Qe8 31. fxg6 fxg6 32. Nh3 Nd8 33. Ng5 Re1 34.
Qxd5+ Nf7 35. Rd1 Re2 36. Nf3 Rd7 37. Qc6 Qe6 38. Qxe6 Rxe6 39. Rfe1 Rxf6 40.
Kg2 Rd5 41. Re2 h5 42. h3 g5 43. Be3 Re6 44. Rde1 Bg7 45. Bf2 Rxe2 46. Rxe2 Nd6
47. Re7 g4 48. hxg4 hxg4 49. Ne5 Bxe5 50. Rxe5 Rxe5 51. dxe5 Ne4 1/2-1/2

[Event "PARDUBICE OPEN  2007 "]
[Site "CEZ arena,  Pardubice  (CZE)"]
[Date "2007.07.22"]
[Round "3"]
[White "Radovanovic, Jovica"]
[Black "Kalod, Radek"]
[Result "1/2-1/2"]
[WhiteElo "2355"]
[BlackElo "2486"]
[PlyCount "70"]
[EventDate "2007.07.20"]

1. Nf3 Nf6 2. c4 c5 3. Nc3 e6 4. g3 b6 5. Bg2 Bb7 6. O-O Be7 7. d4 cxd4 8. Qxd4
d6 9. Rd1 a6 10. Qf4 Nbd7 11. Ng5 Bxg2 12. Kxg2 O-O 13. Nge4 Ne8 14. b3 Rc8 15.
Ba3 Nc5 16. Qf3 Qc7 17. Rd2 Nxe4 18. Qxe4 b5 19. Rc1 Nf6 20. Qf3 bxc4 21. bxc4
Rfd8 22. Rcd1 h6 23. Rd4 Ne8 24. Ne4 f5 25. Nd2 Nf6 26. Rd3 Ng4 27. Rb3 Rd7 28.
Rdb1 Ne5 29. Qb7 Qc6+ 30. Qxc6 Rxc6 31. Rb6 Bd8 32. Rxc6 Nxc6 33. h4 Kf7 34. e3
g6 35. Kf1 Na5 1/2-1/2

[Event "PARDUBICE OPEN  2007 "]
[Site "CEZ arena,  Pardubice  (CZE)"]
[Date "2007.07.22"]
[Round "3"]
[White "Chetverik, Maxim"]
[Black "Simacek, Pavel"]
[Result "0-1"]
[WhiteElo "2347"]
[BlackElo "2481"]
[PlyCount "88"]
[EventDate "2007.07.20"]

1. d4 Nf6 2. c4 c5 3. d5 e6 4. Nc3 exd5 5. cxd5 d6 6. Nf3 g6 7. Bg5 h6 8. Bh4
g5 9. Bg3 Nh5 10. e3 Nxg3 11. hxg3 Bg7 12. Bd3 O-O 13. Qc2 Na6 14. a3 Nc7 15.
Rb1 Re8 16. Bh7+ Kf8 17. Bf5 b5 18. Bxc8 Qxc8 19. Qh7 Qg4 20. Rxh6 Bxh6 21.
Qxh6+ Ke7 22. Qxg5+ Qxg5 23. Nxg5 b4 24. axb4 cxb4 25. Ne2 Nxd5 26. Rd1 Nb6 27.
Nd4 Rec8 28. e4 Kf6 29. f4 a5 30. Nf5 d5 31. g4 Rc2 32. e5+ Kg6 33. Ne7+ Kg7
34. Nf5+ Kg8 35. Rd3 Rc1+ 36. Kf2 Rb1 37. b3 a4 38. bxa4 Rxa4 39. Ne7+ Kf8 40.
Nxd5 Nxd5 41. Rxd5 b3 42. Rd8+ Ke7 43. Rb8 Ra2+ 44. Kg3 b2 0-1

[Event "PARDUBICE OPEN  2007 "]
[Site "CEZ arena,  Pardubice  (CZE)"]
[Date "2007.07.22"]
[Round "3"]
[White "Granovski, Aleksandr"]
[Black "Akesson, Ralf"]
[Result "1/2-1/2"]
[WhiteElo "2341"]
[BlackElo "2477"]
[PlyCount "118"]
[EventDate "2007.07.20"]

1. d4 Nf6 2. Bg5 e6 3. e4 h6 4. Bxf6 Qxf6 5. Nf3 d6 6. e5 Qd8 7. Bd3 b6 8. Qe2
Bb7 9. O-O Nd7 10. Rd1 Be7 11. Nbd2 O-O 12. Ne4 Qb8 13. Ba6 Bxa6 14. Qxa6 d5
15. Ng3 b5 16. Qc6 Rd8 17. a4 b4 18. c4 bxc3 19. bxc3 Qb6 20. Qb5 Qxb5 21. axb5
Rdb8 22. Rdb1 Rb7 23. Nd2 Rab8 24. f4 Nb6 25. Rc1 Kf8 26. Rc2 Ke8 27. f5 Bg5
28. Kf2 Nc8 29. Nf3 Rxb5 30. Nh5 Kf8 31. Nxg5 hxg5 32. fxe6 fxe6 33. Ke3 Rb1
34. Ra5 R1b5 35. Ra6 R5b6 36. Ra5 Rb5 37. Ra1 Rb2 38. Rf1+ Kg8 39. Kd3 a5 40.
Ra1 Rxc2 41. Kxc2 Rb5 42. Ra3 Nb6 43. Rb3 c6 44. Ng3 Nc4 45. Nf1 a4 46. Rxb5
cxb5 47. g4 Kf7 48. h3 Ke7 49. Kb1 Kd7 50. Ka2 Kc6 51. Ng3 Ne3 52. Nh5 g6 53.
Nf6 Nd1 54. Nh7 Nxc3+ 55. Ka3 Ne2 56. Nxg5 Nf4 57. h4 Kb6 58. h5 gxh5 59. gxh5
Ka5 1/2-1/2

[Event "PARDUBICE OPEN  2007 "]
[Site "CEZ arena,  Pardubice  (CZE)"]
[Date "2007.07.22"]
[Round "3"]
[White "Adla, Diego"]
[Black "Bajarani, Ilgar"]
[Result "0-1"]
[WhiteElo "2472"]
[BlackElo "2319"]
[PlyCount "90"]
[EventDate "2007.07.20"]

1. c4 Nf6 2. Nf3 c6 3. g3 d5 4. d4 dxc4 5. Bg2 b5 6. O-O e6 7. Ne5 Bb7 8. a4
Qc8 9. e4 Nbd7 10. Nxd7 Qxd7 11. axb5 cxb5 12. d5 e5 13. b3 cxb3 14. Qxb3 Bd6
15. Bg5 Be7 16. Nd2 a6 17. Nf3 Qd6 18. Qb2 Nd7 19. Bxe7 Qxe7 20. Rac1 Qd6 21.
Bh3 f6 22. Nh4 g6 23. Qd2 Nb6 24. Qh6 Qf8 25. Qe3 Qd6 26. Be6 Nc4 27. Rxc4 bxc4
28. Rb1 Bc8 29. Rb6 Qd8 30. f4 exf4 31. gxf4 Bxe6 32. Rxe6+ Kf7 33. e5 fxe5 34.
Nf3 Re8 35. Nxe5+ Kg8 36. Nc6 Qd7 37. Ne7+ Rxe7 38. Rxe7 Qxd5 39. Re8+ Rxe8 40.
Qxe8+ Kg7 41. Qe7+ Kh6 42. Qh4+ Qh5 43. Qf6 Qc5+ 44. Kg2 c3 45. Qh4+ Kg7 0-1

[Event "PARDUBICE OPEN  2007 "]
[Site "CEZ arena,  Pardubice  (CZE)"]
[Date "2007.07.22"]
[Round "3"]
[White "Krzesaj, Robert"]
[Black "Boros, Denes"]
[Result "1-0"]
[WhiteElo "2323"]
[BlackElo "2460"]
[PlyCount "155"]
[EventDate "2007.07.20"]

1. Nf3 d5 2. b3 Bg4 3. Bb2 Nf6 4. e3 Nbd7 5. Be2 e6 6. c4 Bd6 7. O-O O-O 8. d3
c6 9. Nd4 Bxe2 10. Nxe2 b5 11. Nd2 e5 12. Qc2 Qe7 13. Rac1 Rab8 14. Qb1 bxc4
15. dxc4 e4 16. Nd4 Ng4 17. h3 Nge5 18. cxd5 cxd5 19. Nc6 Nxc6 20. Rxc6 f5 21.
Rd1 Nc5 22. Ba3 Rbc8 23. Rxc8 Rxc8 24. Qc2 Rc7 25. Nc4 dxc4 26. Qxc4+ Kh8 27.
Qd5 Rd7 28. Bxc5 Bh2+ 29. Kxh2 Rxd5 30. Rxd5 Qc7+ 31. g3 g6 32. a4 Qb7 33. Rd8+
Kg7 34. b4 Qa6 35. Rd7+ Kg8 36. Kg2 Qxa4 37. Rxa7 Qd1 38. Ra2 Qb3 39. Rd2 g5
40. Rd8+ Kf7 41. Rf8+ Ke6 42. Bd4 Qd5 43. Re8+ Kf7 44. Re5 Qd7 45. b5 f4 46.
gxf4 gxf4 47. b6 fxe3 48. fxe3 Qc6 49. Rg5 Ke6 50. Kg3 Qc1 51. Re5+ Kf7 52. Rc5
Qb1 53. Kf4 Qf1+ 54. Kxe4 Qxh3 55. Rf5+ Kg6 56. Rf6+ Kg5 57. Kd5 h5 58. Kc6
Qc8+ 59. Kb5 h4 60. Rc6 Qd7 61. Be5 Qd3+ 62. Kc5 Qxe3+ 63. Kd6 Qa3+ 64. Rc5 Kg4
65. b7 Qb4 66. Kc6 Qe4+ 67. Kb6 Qb1+ 68. Rb5 Qg6+ 69. Ka7 Qf7 70. Rb4+ Kh5 71.
Bd6 Qf2+ 72. Ka6 Qa2+ 73. Kb6 Qf2+ 74. Kb5 Qf5+ 75. Ka6 Qd7 76. b8=Q Qc6+ 77.
Qb6 Qc8+ 78. Qb7 1-0

[Event "PARDUBICE OPEN  2007 "]
[Site "CEZ arena,  Pardubice  (CZE)"]
[Date "2007.07.22"]
[Round "3"]
[White "Lahner, Jakub"]
[Black "Kovacevic, Blazimir"]
[Result "0-1"]
[WhiteElo "2317"]
[BlackElo "2457"]
[PlyCount "100"]
[EventDate "2007.07.20"]

1. d4 d6 2. Nf3 g6 3. c4 f5 4. Nc3 Nf6 5. g3 Bg7 6. Bg2 O-O 7. O-O Qe8 8. Nd5
Nxd5 9. cxd5 Nd7 10. Ng5 Nb6 11. e3 h6 12. Nh3 g5 13. f4 g4 14. Nf2 Qf7 15. Qb3
e6 16. Bd2 exd5 17. Rac1 c6 18. Qc2 Be6 19. b3 Rfc8 20. Bc3 h5 21. Rfd1 Nd7 22.
Qd2 Nf6 23. Bb4 Bf8 24. Ba3 a5 25. Bb2 Ne4 26. Nxe4 dxe4 27. Bf1 a4 28. Bc4
axb3 29. axb3 Bd5 30. Qb4 Ra7 31. Ra1 Rca8 32. Rxa7 Rxa7 33. Ra1 Rxa1+ 34. Bxa1
b5 35. Bxd5 Qxd5 36. Bb2 Be7 37. Kf2 h4 38. Ke2 h3 39. Bc3 Kf7 40. Kd1 Qe6 41.
Kc2 Qd7 42. Qa5 Qb7 43. b4 Qc8 44. Qa7 Qe6 45. Qa8 Qc4 46. Qh8 Qa2+ 47. Kc1 Qe6
48. Kb2 c5 49. Qh7+ Ke8 50. Qh8+ Kd7 0-1

[Event "PARDUBICE OPEN  2007 "]
[Site "CEZ arena,  Pardubice  (CZE)"]
[Date "2007.07.22"]
[Round "3"]
[White "Kuljasevic, Davorin"]
[Black "Swicarz, Maciej"]
[Result "1/2-1/2"]
[WhiteElo "2454"]
[BlackElo "2316"]
[PlyCount "59"]
[EventDate "2007.07.20"]

1. d4 Nf6 2. Nf3 e6 3. c4 b6 4. a3 Bb7 5. Nc3 Ne4 6. Nxe4 Bxe4 7. e3 Be7 8. Bd3
Bxd3 9. Qxd3 d5 10. e4 dxe4 11. Qxe4 Nd7 12. Bf4 O-O 13. Rd1 Nf6 14. Qc6 Qd7
15. Ne5 Qxc6 16. Nxc6 Bd6 17. Be5 Nd7 18. b4 Nb8 19. Bxd6 cxd6 20. d5 Re8 21.
O-O e5 22. f4 Nd7 23. f5 Kf8 24. Kf2 Rec8 25. Ke3 Nb8 26. Nxb8 Raxb8 27. Rc1
Rc7 28. Rc3 Rbc8 29. Rfc1 Ke7 30. Ke4 1/2-1/2

[Event "PARDUBICE OPEN  2007 "]
[Site "CEZ arena,  Pardubice  (CZE)"]
[Date "2007.07.22"]
[Round "3"]
[White "Mikhalevski, Alexander"]
[Black "Toma, Katarzyna"]
[Result "1-0"]
[WhiteElo "2441"]
[BlackElo "2275"]
[PlyCount "95"]
[EventDate "2007.07.20"]

1. d4 Nf6 2. c4 g6 3. Nc3 d5 4. Bf4 Bg7 5. e3 O-O 6. Nf3 c5 7. dxc5 Qa5 8. Rc1
dxc4 9. Bxc4 Qxc5 10. b3 Nc6 11. O-O Bg4 12. h3 Rfd8 13. Qe2 Bxf3 14. Qxf3 Qa5
15. Ne4 Nxe4 16. Qxe4 e6 17. a4 Rac8 18. Bb5 Bc3 19. Rfd1 Rxd1+ 20. Rxd1 Qb4
21. Bxc6 bxc6 22. Qxb4 Bxb4 23. Rd7 Bc5 24. Be5 Kf8 25. Bf6 a5 26. Rd8+ Rxd8
27. Bxd8 Bb4 28. Kf1 Ke8 29. Bf6 Kd7 30. Ke2 Kd6 31. Kd3 e5 32. e4 Ke6 33. Bg5
f6 34. Be3 h5 35. f3 Kd7 36. Kc4 Kd6 37. g4 hxg4 38. hxg4 Ke6 39. Bc5 Be1 40.
b4 f5 41. bxa5 Bxa5 42. Bb4 Bb6 43. a5 Ba7 44. Bc5 Bb8 45. gxf5+ gxf5 46. a6
fxe4 47. fxe4 Kf6 48. Bb6 1-0

[Event "PARDUBICE OPEN  2007 "]
[Site "CEZ arena,  Pardubice  (CZE)"]
[Date "2007.07.22"]
[Round "3"]
[White "Swinkels, Robin"]
[Black "Hladik, Josef"]
[Result "1/2-1/2"]
[WhiteElo "2440"]
[BlackElo "2216"]
[PlyCount "77"]
[EventDate "2007.07.20"]

1. e4 Nf6 2. e5 Nd5 3. d4 d6 4. c4 Nb6 5. exd6 exd6 6. Nc3 Be7 7. Bd3 Nc6 8.
Nge2 Bg4 9. f3 Bh5 10. O-O Bg6 11. b3 O-O 12. Bxg6 hxg6 13. d5 Ne5 14. Ne4 f5
15. N4g3 Bf6 16. Rb1 Re8 17. Nf4 Qc8 18. Bb2 Nbd7 19. Qc2 Nf8 20. Nge2 Qd7 21.
Nd4 Bg5 22. Nde6 Bxf4 23. Nxf4 Re7 24. Qc3 Rae8 25. h4 Nh7 26. h5 gxh5 27. Nxh5
Nf6 28. Nxf6+ gxf6 29. Kf2 Rh7 30. Rh1 a6 31. Qc2 Ree7 32. g4 fxg4 33. Bxe5
fxe5 34. Qg6+ Rhg7 35. Qh5 g3+ 36. Kg2 Rh7 37. Qg6+ Rhg7 38. Qh5 Rh7 39. Qg6+
1/2-1/2

[Event "PARDUBICE OPEN  2007 "]
[Site "CEZ arena,  Pardubice  (CZE)"]
[Date "2007.07.22"]
[Round "3"]
[White "Biolek-Jun., Richard"]
[Black "Kraemer, Martin"]
[Result "0-1"]
[WhiteElo "2250"]
[BlackElo "2437"]
[PlyCount "46"]
[EventDate "2007.07.20"]

1. e4 c5 2. Nf3 d6 3. d4 cxd4 4. Nxd4 Nf6 5. Nc3 a6 6. Be3 e6 7. g4 h6 8. f4 e5
9. Nf5 h5 10. g5 Nxe4 11. Nxe4 Bxf5 12. Qd5 Nc6 13. c3 Be6 14. Qd3 d5 15. Nc5
Bxc5 16. Bxc5 exf4 17. O-O-O Qxg5 18. Rg1 Qf6 19. b4 O-O-O 20. b5 axb5 21. Kb2
b4 22. Rc1 bxc3+ 23. Rxc3 Bf5 0-1

[Event "PARDUBICE OPEN  2007 "]
[Site "CEZ arena,  Pardubice  (CZE)"]
[Date "2007.07.22"]
[Round "3"]
[White "Janturin, Artur"]
[Black "Strunski, Andreas"]
[Result "1-0"]
[WhiteElo "2435"]
[BlackElo "2203"]
[PlyCount "93"]
[EventDate "2007.07.20"]

1. e4 c5 2. Nf3 e6 3. d4 cxd4 4. Nxd4 a6 5. c4 Nf6 6. Nc3 Bb4 7. Bd3 Bxc3+ 8.
bxc3 d6 9. O-O O-O 10. Kh1 Nbd7 11. Bg5 h6 12. Bh4 e5 13. Nc2 b6 14. Ne3 Nc5
15. f3 Ra7 16. Qd2 Be6 17. Bc2 Rd7 18. Rab1 g5 19. Bf2 Nh5 20. Rb2 Qc7 21. Rd1
Ng7 22. Bd3 Kh8 23. Bf1 Rb8 24. Qc1 Qd8 25. Nc2 Na4 26. Rb3 b5 27. Ra3 Qc8 28.
Ne3 Qc6 29. h4 f6 30. Qc2 Nh5 31. cxb5 axb5 32. c4 Rc7 33. Rd2 Qc5 34. cxb5 Nc3
35. Nc4 Ne2 36. Rxe2 Qxc4 37. Qxc4 Rxc4 38. Kg1 Rb4 39. Re1 g4 40. fxg4 Nf4 41.
g3 Ng6 42. Ra6 Bxg4 43. a4 Rb2 44. Rxd6 Rg8 45. Bc4 Nxh4 46. Rxf6 Kg7 47. Rxh6
1-0

[Event "PARDUBICE OPEN  2007 "]
[Site "CEZ arena,  Pardubice  (CZE)"]
[Date "2007.07.22"]
[Round "3"]
[White "Schneider, Ilja"]
[Black "Alaguzov, Maxat"]
[Result "0-1"]
[WhiteElo "2435"]
[BlackElo "2200"]
[PlyCount "68"]
[EventDate "2007.07.20"]

1. d4 d5 2. c4 c6 3. Nf3 e6 4. e3 f5 5. Nc3 Nf6 6. Qc2 Bd6 7. Bd3 Ne4 8. h3 Nd7
9. g4 Ndf6 10. Ne5 O-O 11. f3 Nc5 12. Bf1 Nfd7 13. Nxd7 Qh4+ 14. Kd1 Nxd7 15.
Qg2 b6 16. Rg1 f4 17. e4 Bb7 18. cxd5 exd5 19. exd5 cxd5 20. g5 Rad8 21. Bd2
Nb8 22. Bd3 Nc6 23. Ne2 Bc8 24. Be1 Qxh3 25. Qxh3 Bxh3 26. Bxh7+ Kxh7 27. Rh1
Kg6 28. Rxh3 Rh8 29. Rxh8 Rxh8 30. Rc1 Ne7 31. a4 Rh1 32. Kc2 Kxg5 33. Kd3 Kf5
34. a5 Rf1 0-1

[Event "PARDUBICE OPEN  2007 "]
[Site "CEZ arena,  Pardubice  (CZE)"]
[Date "2007.07.22"]
[Round "3"]
[White "Skliba, Martin"]
[Black "Kulhanek, Tomas"]
[Result "0-1"]
[WhiteElo "2236"]
[BlackElo "2428"]
[PlyCount "114"]
[EventDate "2007.07.20"]

1. d4 Nf6 2. c4 e6 3. Nc3 Bb4 4. e3 O-O 5. Bd3 d5 6. Nf3 c5 7. O-O Nbd7 8. a3
cxd4 9. axb4 dxc3 10. bxc3 dxc4 11. Bxc4 Qc7 12. Qe2 Nb6 13. Bd3 e5 14. Qc2 Bg4
15. Nd2 Rfd8 16. c4 a6 17. Ra3 Qe7 18. Ne4 Nbd7 19. Bb2 Nxe4 20. Bxe4 Nf6 21.
c5 Nxe4 22. Qxe4 Be2 23. Re1 f6 24. Raa1 Bd3 25. Qf3 Qf7 26. Bc3 Rd5 27. e4 Rd7
28. Qe3 Bb5 29. Rec1 Rd3 30. Qe1 Rad8 31. Rd1 Qg6 32. f3 h6 33. Kh1 Qg5 34.
Rxd3 Rxd3 35. Rd1 Re3 36. Qd2 Re2 37. Qxg5 hxg5 38. Re1 Rc2 39. Re3 Bf1 40. g4
Bh3 41. Be1 Kf7 42. Kg1 Rg2+ 43. Kh1 Rb2 44. Kg1 Ke6 45. Rd3 Rg2+ 46. Kh1 Rb2
47. Bc3 Rf2 48. Rd6+ Ke7 49. Rd1 Rxf3 50. Bd2 Rf2 51. Be3 Re2 52. c6 bxc6 53.
Bc5+ Ke8 54. Rd6 Rxe4 55. Rxc6 Re1+ 56. Bg1 Re2 57. Bc5 Bg2+ 0-1

[Event "PARDUBICE OPEN  2007 "]
[Site "CEZ arena,  Pardubice  (CZE)"]
[Date "2007.07.22"]
[Round "3"]
[White "Zpevak, Pavel"]
[Black "Andrzejewska, Edyta"]
[Result "1-0"]
[WhiteElo "2423"]
[BlackElo "2197"]
[PlyCount "75"]
[EventDate "2007.07.20"]

1. Nf3 f5 2. g3 Nf6 3. Bg2 g6 4. O-O Bg7 5. d4 O-O 6. b3 d6 7. Bb2 Ne4 8. Nbd2
Nc6 9. Nc4 Qe8 10. e3 g5 11. Ncd2 Nxd2 12. Nxd2 e5 13. dxe5 dxe5 14. Qe2 e4 15.
Bxg7 Kxg7 16. f3 exf3 17. Nxf3 Qe7 18. Rae1 Bd7 19. Qc4 h6 20. Nd4 Rf6 21. Qb5
Nd8 22. Qd3 Qd6 23. Rxf5 Nc6 24. Rxf6 Qxf6 25. Rf1 Qe7 26. Qc3 Kh7 27. Bd5 Rf8
28. Rxf8 Qxf8 29. Nxc6 bxc6 30. Bxc6 Bf5 31. Qe5 Bxc2 32. Qxc7+ Kh8 33. Bd5 Bb1
34. Qxa7 Qe8 35. Qa8 Qxa8 36. Bxa8 Bxa2 37. b4 Bc4 38. Bc6 1-0